01954cam a22002778a 450000500170000001000330001702000270005003500130007703500170009003700130010703700270012008200160014724501200016326000400028327000780032330000270040150000510042850509540047965000250143365000340145865000290149265000320152165000580155370000290161170000360164020100603115815.0 aENG-101411 B-428431-432 a9788132104674 c695.00 aEN-84944 aB-428431-432 bDBAD/PUB bResearchco Book Centre00a275.400869400aMargins of faith :bDalit and tribal Christianity in India /cedited by Rowena Robinson [and] Joseph Marianus Kujur aNew Delhi bSage Publicationsc2010 aB1/I-1 Mohan Cooperative Industrial Area Mathura RoadbNew Delhi e110044 aviii,299p. c24cm (Hb) aIncludes bibliographical references and index.0 aTribal church in the margins: Oraons of central India / Joseph Marianus Kujur -- Dalit encounter with Christianity: change and continuity / S.M. Michael -- Margins of faith: Dalits and tribal Christians in eastern India / Jose Kalapura -- Varieties of Dalit Christianity in north India / John C.B. Webster -- Christian piety and the emergence of Hindu nationalism in central India / Peggy Froerer -- Legally Hindu: Dalit Lutheran Christians of coastal Andhra Pradesh / Ashok Kumar M. and Rowena Robinson -- Contradiction and change in the Mizo Church / Lakshmi Bhatia -- The broken mirror: John Masih's journey from Isai to Dalit / Mathew N. Schmalz -- Christianization, hinduization and indigenous revivalism among the tribals of Gujarat / Lancy Lobo -- The Catholic Church and Dalit Christian activism in contemporary Tamil Nadu / David Mosse -- Identity, conversion and violence: Dalits, Adivasis and the 2007-08 riots in Orissa / Chad M. Bauman. 0aChristianityzIndia. 0aChurch and minoritieszIndia. 0aDalitszIndiaxReligion. 0aMarginality, SocialzIndia. 0aMarginality, SocialxReligious aspectsxChristianity.1 aRobinson, Rowena,d1967-1 aKujūra, Josepha Mariyānusa.